000 00378nam a2200169Ia 4500
003 0STCL
008 150530s9999 xx 000 0 und d
040 _aSTCL
_cSTCL
100 _aSchiller, J.
245 _aMobile Communications
250 _aSecond
260 _bPearson Education
_c2004
546 _aEnglish
942 _2ddc
_cBK
999 _c601
_d601
005 20220125160202.0